Every City and CDP in Pacific County - Statistics

General Stats
  • This quiz has been taken 2 times
  • The average score is 5 of 11
Answer Stats
Population Type Answer % Correct
1,154 City Ilwaco
100%
1,785 City Long Beach
100%
523 CDP Naselle
50%
1,794 CDP Ocean Park
50%
3,257 City Raymond
50%
1,809 City South Bend
50%
133 CDP Willapa
50%
165 CDP Bay Center
0%
259 CDP Chinook
0%
120 CDP Lebam
0%
205 CDP Tokeland
0%
No matching quizzes found
Score Distribution
Percent of People with Each Score
Percentile by Number Answered
Your Score History
You have not taken this quiz